Holiday Quiz

Random Holiday or Judaism Quiz

Jewish Holidays Quiz Stats

 Plays Quiz not verified by Sporcle

Challenge
Share
Tweet
Embed
Score 0/8 Timer 04:00
0 Plays Today
Description of holiday Jewish Holiday % Correct
Day of AtonementYom Kippur
88.4%
Commemorates the Deliverance from EgyptPesach
88.4%
Jewish New YearRosh Hashanah
79.1%
Festival of LightsHanukkah
79.1%
Commemorates the Victory of the Jews Against Haman (Festival of Lots)Purim
74.4%
Feast of BoothsSukkot
62.8%
Festival of WeeksShavu'ot
60.5%
Commemorates the Destruction of the First and Second Temples in JerusalemTisha B'av
55.8%

You're not logged in!

Compare scores with friends on all Sporcle quizzes.
Join for Free
OR
Log In

You Might Also Like...

Show Comments

Extras

Created Nov 19, 2012ReportNominate
Tags:Judaism Quiz, description, jewish

Top Quizzes Today


Score Distribution

Your Account Isn't Verified!

In order to create a playlist on Sporcle, you need to verify the email address you used during registration. Go to your Sporcle Settings to finish the process.

Report this User

Report this user for behavior that violates our Community Guidelines.

Details: